LEADER 01392nam0 22002771i 450 001 UON00263899 005 20231205103725.52 100 $a20050512d1990 |0itac50 ba 101 $aita 102 $aIT 105 $a|||| ||||| 200 1 $aAngelomo e la scuola esegetica di Luxeuil$fSilvia Cantelli 210 $aSpoleto$cCentro studi Alto Medioevo$d1990 215 $a2 v.; 24 cm 410 1$1001UON00157677$12001 $aBiblioteca di "Medioevo Latino"$fcollana della "Società Internazionale per lo Studio del Medioevo Latino"$ga cura di Rino Aversani (et al.)$v1 606 $aANGELOMO DI LUXEUIL$xOpere esegetiche$xStudio critico$3UONC057150$2FI 620 $aIT$dSpoleto$3UONL000476 676 $a221.6$cBibbia. Vecchio Testamento. Interpretazione e critica (Esegesi)$v21 700 1$aCANTELLI$bSilvia$3UONV155245$0441461 712 $aCentro Italiano di Studi sull'Alto Medioevo$3UONV259570$4650 801 $aIT$bSOL$c20240220$gRICA 912 $aUON00263899 950 $aSIBA - SISTEMA BIBLIOTECARIO DI ATENEO$dSI T 3 ANGELOMUS 001 1 $eSI MC 29574 7 1 950 $aSIBA - SISTEMA BIBLIOTECARIO DI ATENEO$dSI T 3 ANGELOMUS 001 2 $eSI MC 29575 7 2 996 $aAngelomo e la scuola esegetica di Luxeuil$979834 997 $aUNIOR LEADER 01061nam0 22002891i 450 001 UON00508664 005 20231205105447.354 010 $a978-88-976022-9-3 100 $a20220510d2019 |0itac50 ba 101 $aeng 102 $aIT 105 $a|||| 1|||| 200 1 $aMaxwell in Duchamp$fPaola Magi$gpreface by Giorgio Montecchi 210 $aMilano$cArchivio Dedalus$d2019 215 $a121 p.$cill.$d21 cm. 410 1$1001UON00508655$12001 $aSupernovae. Studi Duchampiani$v10 606 $aDUCHAMP MARCEL$3UONC064270$2FI 620 $aIT$dMilano$3UONL000005 700 1$aMAGI$bPaola$3UONV287242$01222568 702 1$aMontecchi$bGiorgio$3UONV029123 712 $aArchivio Dedalus$3UONV287241$4650 801 $aIT$bSOL$c20250307$gRICA 899 $aSIBA - SISTEMA BIBLIOTECARIO DI ATENEO$2UONSI 912 $aUON00508664 950 $aSIBA - SISTEMA BIBLIOTECARIO DI ATENEO$dSI VI B DUC MAG $eSI 38820 5 996 $aMaxwell in Duchamp$92835631 997 $aUNIOR